000 00313nam a2200133Ia 4500
100 _aDeo/Narsingh
942 _cBK
654 _aDigital Computer
245 _aSystems Simulations with digital Computer
260 _bPrentice-Hall of India
_aNew Delhi
_c1993
082 _a3.3
546 _aENGLISH
999 _c33387
_d33387